Central Library OPAC University of Rajshahi

Masterpieces of Indo-Islamic architecture / (Record no. 17832)

MARC details
000 -LEADER
fixed length control field 00784cam a2200253 i 4500
001 - CONTROL NUMBER
control field 17832
003 - CONTROL NUMBER IDENTIFIER
rucl marc code BD-RjUL
005 - DATE AND TIME OF LATEST TRANSACTION
control field 20211209000211.0
008 - FIXED-LENGTH DATA ELEMENTS--GENERAL INFORMATION
fixed length control field 140219s1976 ii a b 000 0 eng d
035 ## - SYSTEM CONTROL NUMBER
System control number (BD-RjUL)17890
040 ## - CATALOGING SOURCE
Original cataloging agency DLC
Transcribing agency DLC
Modifying agency DLC
-- BD-RjUL
Language of cataloging eng
041 ## - LANGUAGE CODE
Language code of text/sound track or separate title eng
082 00 - DEWEY DECIMAL CLASSIFICATION NUMBER
Classification number 722.4
Author mark and year MEM 1976
100 1# - MAIN ENTRY--PERSONAL NAME
Personal name Mehta, Rustam Jehangir.
9 (RLIN) 22158
245 10 - TITLE STATEMENT
Title Masterpieces of Indo-Islamic architecture /
Statement of responsibility, etc. introd. and notes by Rustam J. Mehta.
260 ## - PUBLICATION, DISTRIBUTION, ETC. (IMPRINT)
Place of publication, distribution, etc. Bombay :
Name of publisher, distributor, etc. Taraporevala,
Date of publication, distribution, etc. 1976.
300 ## - PHYSICAL DESCRIPTION
Pagination viii, 70, 100 p. :
Illustrations chiefly ill. ;
Size 28 cm.
504 ## - BIBLIOGRAPHY, ETC. NOTE
Bibliography, etc Includes bibliographical references.
650 #0 - SUBJECT ADDED ENTRY--TOPICAL TERM
Topical term or geographic name as entry element Architecture, Mogul.
9 (RLIN) 52953
Topical term or geographic name as entry element Islamic architecture
Geographic subdivision India.
9 (RLIN) 50382
942 ## - ADDED ENTRY ELEMENTS (KOHA)
Source of classification or shelving scheme Dewey Decimal Classification
Koha item type Books
Holdings
Lost status Source of classification or shelving scheme Damaged status Not for loan Collection code Permanent Location Current Location Shelving location Date acquired Source of acquisition Cost, normal purchase price Total Checkouts Full call number Date last seen Copy number Koha item type
  Dewey Decimal Classification   Not For Loan Non-fiction Central Library, University of Rajshahi Central Library, University of Rajshahi Reading Room 05/03/1979 India Int. Cal. 75.00   722.4 MEM 1976 19/02/2014 C-1 Books
  Dewey Decimal Classification     Non-fiction Central Library, University of Rajshahi Central Library, University of Rajshahi   20/08/1984 A.B.C. 125.00   722.4 MEM 1976 01/01/2020 C-2 Books